División y fusión de sociedades: efectos tributarios
Guardat en:
| Autor principal: | |
|---|---|
| Format: | Llibre |
| Idioma: | espanyol |
| Publicat: |
Santiago
Jurídica La Ley
2004
|
| Edició: | 1a. ed |
| Matèries: | |
| Etiquetes: |
Afegir etiqueta
Sense etiquetes, Sigues el primer a etiquetar aquest registre!
|
MARC
| LEADER | 00000nam a2200000 a 4500 | ||
|---|---|---|---|
| 001 | UCK3325 | ||
| 003 | CL-VaPUC | ||
| 008 | 050422e20040000CL |||||||||||||||||spa|d | ||
| 020 | |a 9567844763 | ||
| 082 | 0 | 4 | |a 346.06626 |b URE |2 21 |
| 100 | 0 | |a Urenda Bilicic, Nicolás |e author |9 491427 | |
| 245 | 1 | 0 | |a División y fusión de sociedades: efectos tributarios |
| 250 | |a 1a. ed | ||
| 300 | |a 240 p | ||
| 942 | |c BK | ||
| 945 | |d 20050422 00:00:00 |a cmena | ||
| 260 | |a Santiago |b Jurídica La Ley |c 2004 | ||
| 650 | 0 | |a Sociedades comerciales |9 257290 | |
| 650 | 0 | |a Obligaciones contractuales |9 386117 | |
| 650 | 0 | |a Derecho tributario |9 258895 | |
| 650 | 0 | |a Normas jurídicas |9 258310 | |
| 583 | |a last modification |c 20050422 00:00:00 |k Rodrigo Vera | ||
| 999 | |c 312571 |d 312569 | ||
| 952 | |0 0 |1 0 |4 0 |6 346_066260000000000_URE_2004 |7 0 |8 A |9 383063 |a BIBDER |b BIBDER |d 2019-11-21 |i 4112482 |l 1 |o 346.06626 URE 2004 |p 4112482 |r 2025-04-24 |s 2025-04-24 |w 2019-11-21 |y BK |k DER | ||